El surrealismo y cuatro poetas de la generación del 27

Saved in:
Bibliografiske detaljer
Hovedforfatter: Onis, Carlos Marcial de (autor)
Format: Bog
Sprog:spansk
Udgivet: Madrid José Porrúa Turanzas 1974
Fag:
Tags: Tilføj Tag
Ingen Tags, Vær først til at tagge denne postø!

MARC

LEADER 00000nam a2200000 a 4500
001 UCQ5334
003 CL-VaPUC
008 980925e19740000SP |||||||||||||||||spa|d
082 0 4 |a 861.09  |b MAR  |2 21 
100 |a Onis, Carlos Marcial de   |e autor  |9 419467 
245 1 3 |a El surrealismo y cuatro poetas de la generación del 27 
300 |a 299 p 
942 |c BK 
945 |d 19980925 00:00:00  |a crobeson 
260 |a Madrid  |b José Porrúa Turanzas  |c 1974 
650 0 |a Poesía española  |9 264938 
650 0 |a Literatura española  |9 306261 
650 0 |a Historia y crítica   |9 257407 
583 |a last modification  |c 19980925 00:00:00  |k Rodrigo Vera 
999 |c 275547  |d 275545 
952 |0 0  |1 0  |4 0  |6 861_090000000000000_MAR_1974  |7 0  |8 A  |9 312316  |a BIBEDU  |b BIBEDU  |d 2019-11-20  |i 1470558  |o 861.09 MAR 1974  |p 1470558  |r 2019-11-20  |w 2019-11-20  |y BK  |k LIT